| 000 | 00704nam a2200229Ii 4500 | ||
|---|---|---|---|
| 003 | JO-AjNU | ||
| 008 | 230605s9999||||xx |||||||||||||| ||und|| | ||
| 017 | _a2019/10/5369 | ||
| 020 | _a978-9923-14-199-1 | ||
| 040 |
_aJO-AjNU _bara _erda _cJO-AjNU |
||
| 041 | _aara | ||
| 050 | 1 | 4 | _aP121 2020 |
| 100 | 3 |
_aالملاخ، محمد, _eauthor _960126 |
|
| 245 | 0 | 0 | _aمطارحات نقدية في اللسانيات |
| 250 | _aط1 | ||
| 264 | 3 | 1 | _aاربد: عالم الكتب الحديث للنشر والتوزيع، 2020 |
| 300 | _a163ص | ||
| 336 |
_atext _btxt _2rdacontent |
||
| 337 |
_aunmediated _bn _2rdamedia |
||
| 338 |
_avolume _bnc _2rdacarrier |
||
| 650 | 4 |
_aعلم اللغه _960127 |
|
| 999 |
_aA27096 _c30664 _d30664 |
||